Quarta Declinazione latina - Neutro - Statistics

Statistiche generali
  • Questo quiz è stato fatto 17 volte
  • Il punteggio medio è 10 su 12
Statistiche sulle risposte
Caso Singolare % Corretto
Nominativo Cornū
100%
Dativo Cornū
100%
Accusativo Cornū
100%
Vocativo Cornū
100%
Ablativo Cornū
100%
Gentivio Cornūs
100%
Genitivo Cornŭŭm
80%
Dativo Cornĭbŭs
73%
Ablativo Cornĭbŭs
73%
Nominato Cornŭă
73%
Accusativo Cornŭă
73%
Vocativo Cornŭă
73%
Nessun quiz corrispondente trovato
Distribuzione punteggi
Percentuale di utenti per punteggio
Percentile per numero di risposta
I tuoi punteggi nel tempo
Non hai fatto questo quiz